Murales de Gabriel Flores, en el repartidor del Hospital de Belén : La medicina en México /

में बचाया:
ग्रंथसूची विवरण
मुख्य लेखक: Flores, Gabriel (autor)
अन्य लेखक: Orea Marín, Augusto (texto) (texto)
स्वरूप: पुस्तक
भाषा:स्पेनिश
प्रकाशित: Guadalajara, México : Ayuntamiento de Guadalajara, 1993, c1993
विषय:
टैग: टैग जोड़ें
कोई टैग नहीं, इस रिकॉर्ड को टैग करने वाले पहले व्यक्ति बनें!

MARC

LEADER 00000nam^a2200000^a^4500
001 000186653
005 20250521000000.0
009 20260310102233.392
037 |a Acervo ITESO - Biblioteca 
041 |a ESP 
082 |a 759. 97206  |b FLO ORE 
100 |a Flores, Gabriel  |e (autor) 
245 1 0 |a Murales de Gabriel Flores, en el repartidor del Hospital de Belén :  |b La medicina en México /  |c G. Flores ; texto de A. Orea Marín. 
264 4 |a Guadalajara, México :  |b Ayuntamiento de Guadalajara,  |c 1993, c1993 
300 |a 11 p. 
336 |a texto  |b txt  |2 rdacontenido 
337 |a sin mediación  |b n  |2 rdamedio 
338 |a volumen  |b nc  |2 rdasoporte 
649 |a XX 
650 |a Pintores Jaliscienses 
650 |a Pintores Mexicanos 
650 |a Artistas Jaliscienses 
650 |a Artistas Mexicanos 
650 |a Hospitales -  |z Guadalajara, Jalisco 
650 |a Hospitales -  |z México 
650 |a Medicina en la Pintura 
650 |a Medicina en el Arte 
650 |a Nacionalismo en la Pintura -  |z Guadalajara, Jalisco 
650 |a Nacionalismo en la Pintura -  |z México 
650 |a Nacionalismo en el Arte -  |z Guadalajara, Jalisco 
650 |a Nacionalismo en el Arte -  |z México 
650 |a Pintura Mural -  |z Guadalajara, Jalisco 
650 |a Pintura Mural -  |z México 
650 |a Pintura Jalisciense -  |x Historia y Crítica 
650 |a Pintura Jalisciense -  |y Siglo XX 
650 |a Pintura Mexicana -  |x Historia y Crítica 
650 |a Pintura Mexicana -  |y Siglo XX 
650 |a Arte Jalisciense -  |x Historia y Crítica 
650 |a Arte Jalisciense -  |y Siglo XX 
650 |a Arte Mexicano -  |x Historia y Crítica 
650 |a Arte Mexicano -  |y Siglo XX 
650 |a Flores, Gabriel -  |x Tema Principal 
700 |a Orea Marín, Augusto  |e (texto) 
910 |a Fondo General 
920 |a Impresos - Libros 
930 |a Reserva Especial 
905 |a 103 
901 |a 0500128371  |b IT1  |c REE  |u 20250521 
902 |a https://opac.biblio.iteso.mx/vufind/Record/000186653